000 00390cam a22001217a 4500
008 180718b1963 xxu||||| |||| 00| 0 eng d
082 _aT215x56 L961
100 _aLubell, Harold
245 _aMiddle East oil crises and western Europe's energy supplies
_cby Harold Lubell
260 _aBaltimore
_bJohns Hopkins
_c1963
300 _a233p.
650 _aPetroleum industry and trade - Asia, West
999 _c372376
_d372376